El NAFTA: nuevas relaciones entre E.U. y Centroamérica

Salvato in:
Dettagli Bibliografici
Natura: testo
Soggetti:
Tags: Aggiungi Tag
Nessun Tag, puoi essere il primo ad aggiungerne!!

MARC

LEADER 00000 a a2200000 04500
001 5813
003
040
245 |a El NAFTA:   |b nuevas relaciones entre E.U. y Centroamérica  
650 |a ZONAS DE LIBRE COMERCIO  
650 |a ACUERDOS ECONOMICOS  
650 |a SECTOR PRIVADO  
650 |a GOBIERNO  
650 |a COMERCIO INTERNACIONAL  
773 |g volumen 14, número 592; páginas 10-11  
999 |c 29876  |d 29876